000 00789nam a22002657a 4500
001 BR9402781
003 BR-BrBNA
005 20230928094149.0
007 ta
008 230509b bl.||||| |||| 00| 0 por d
040 _aBR-BrBNA
_bpor
_cBiblioteca Nacional de Agricultura
041 _a(Por)
072 _aP06
_b8915
090 _ 8915 BR9402781
110 1 _aGascarvao S.A., Rio de Janeiro, RJ (Brasil)
_95225
245 1 _aSubstituicao de oleos e gases combustiveis derivados do petroleo por gas combustivel a partir da lenha (madeira)ou carvao vegetal
260 3 _aRio de Janeiro, RJ (Brasil):
_c[nd].
300 _a25 p.
650 _aLenha
650 _aCarvao Vegetal
650 _aCombustivel
650 _aGas
909 _a202309
_bLucia
_c55
_dLucia Elande
942 _cBK
999 _c49178
_d49178